Cartilla de conciliacin̤ fiscal y contable

Bibliographic Details
Main Author: Anzola A., Cšar E.
Other Authors: Castaęda M., Edgar A., Moreno A., Andrš E., Aragn̤ R., Nancy
Format: eBook
Language:Spanish
Published: Bogot:̀ Grupo Editorial Nueva Legislacin̤, 2021
Subjects:
Online Access:Acceso restringido

MARC

LEADER 00000nam a22000007a 4500
005 20211111213458.0
007 cr|||| ||||
008 211111s2021 co |||||s|||| 00||0 spa d
020 |a 978-958-53248-4-8 
035 |a 35405 
040 |a vLex 
090 |c 12647  |d 12647 
100 1 |a Anzola A., Cšar E. 
245 1 0 |a Cartilla de conciliacin̤ fiscal y contable  |h [Recurso electrn̤ico] /  |c Cšar E. Anzola A., Edgar A. Castaęda M., Andrš E. Moreno A., Nancy Aragn̤ R. 
256 |a Servicio en ln̕ea 
260 |a Bogot:̀  |b Grupo Editorial Nueva Legislacin̤,  |c 2021 
300 |a 1 recurso electrn̤ico 
506 1 |a Disponible solo en los productos indicados  |d vLex Global  |d vLex Global (Academic Edition, excluding Law Schools)  |d vLex Global (U.S. Academic Edition, Law Schools)  |d vLex Global (U.S. Academic Edition, excluding Law Schools)  |d vLex Global (Academic Edition, Law Schools) 
650 0 4 |a Derecho Fiscal  |z Colombia 
700 1 |a Castaęda M., Edgar A. 
700 1 |a Moreno A., Andrš E. 
700 1 |a Aragn̤ R., Nancy 
740 0 |a vLex Libros (Servicio en ln̕ea) 
856 4 0 |u https://app.vlex.com/#/sources/35405  |z Acceso restringido 
942 |c BOOK 
999 0 |a Tax Law